000 00547nam a2200217Ia 4500
005 20250506172822.0
008 008 250505s9999 xx 000 0 eng d
020 _a9789392862014
037 _aTB
040 _aILCL
_beng
_cILCL
041 _aeng
_2eng
082 _qILCL
100 _aRai, Ashok Kumar
245 0 _aFundamentals of Major Constitutions of the World
250 _a1
260 _aNew Delhi
_bS.K Book Agency
_c2022
300 _a218p.
365 _aINR
942 _cTB
_2Colon Classification
999 _c1312124
_d1312124